000 00313 a2200145 4500
001 173264
020 _a
040 _cMagnum
100 _aPortes, Max de Figueiredo
240 1 0 _aO morador do ipe-amarelo
_lpor
245 1 0 _aO morador do ipe-amarelo
362 0 _a1899
697 _aIJ/ANIMAIS
942 _cBK
999 _c173264
_d173264